• AIU
  • Tony Wilmot Memorial Library

Deebenu nyubuarii fiinnu bee /. (Record no. 39987)

MARC details
000 -LEADER
fixed length control field 00686nam a22002051a 4500
005 - DATE AND TIME OF LATEST TRANSACTION
control field 20110718133134.0
008 - FIXED-LENGTH DATA ELEMENTS--GENERAL INFORMATION
fixed length control field 091005s1979 001 0 eng d
020 ## - INTERNATIONAL STANDARD BOOK NUMBER
International Standard Book Number 9966404945 :
Terms of availability 0.00
040 ## - CATALOGING SOURCE
Original cataloging agency NEGST Library - Kenya
050 #4 - LIBRARY OF CONGRESS CALL NUMBER
Classification number BS 325.B66 1979
082 0# - DEWEY DECIMAL CLASSIFICATION NUMBER
Classification number BS 325.B66 1979
100 1# - MAIN ENTRY--PERSONAL NAME
Personal name Alliance Biblique du Burkina Faso.
245 10 - TITLE STATEMENT
Title Deebenu nyubuarii fiinnu bee /.
260 ## - PUBLICATION, DISTRIBUTION, ETC. (IMPRINT)
Place of publication, distribution, etc Ouagadougou :
Name of publisher, distributor, etc Alliance Biblique au Bur,
Date of publication, distribution, etc 1979.
300 ## - PHYSICAL DESCRIPTION
Extent 582 p. : ill.
500 ## - GENERAL NOTE
General note "Le Nouveau Testament en Boomu." - T.p. verso. [Africana]
600 10 - SUBJECT ADDED ENTRY--PERSONAL NAME
Personal name Bible. N.T. Boomu. 1979.
600 10 - SUBJECT ADDED ENTRY--PERSONAL NAME
Personal name Boomu language - Texts.
852 ## - LOCATION/CALL NUMBER
-- 4.00
Holdings
Withdrawn status Lost status Source of classification or shelving scheme Damaged status Not for loan Collection code Home library Current library Shelving location Date acquired Cost, normal purchase price Total Checkouts Full call number Barcode Date last seen Price effective from Koha item type
    Library of Congress Classification     Reference AIU/NEGST - Tony Wilmot Memorial Library AIU/NEGST - Tony Wilmot Memorial Library Reference 02/15/2010 4.00   REF BS 325.B66 1979 R49040F3232 10/25/2023 02/15/2010 Reference